Σχεδιασμός και ανάπτυξη υποδομής χωρικών δεδομένων για περιπατητικές διαδρομές : μεταπτυχιακή διατριβή

Αποθηκεύτηκε σε:
Λεπτομέρειες βιβλιογραφικής εγγραφής
Κύριος συγγραφέας: Θηβαίος, Γεώργιος
Συγγραφή απο Οργανισμό/Αρχή: Πανεπιστήμιο Αιγαίου Σχολή Κοινωνικών Επιστημών Τμήμα Γεωγραφίας Μεταπτυχιακό Πρόγραμμα Σπουδών Γεωγραφία και Εφαρμοσμένη Γεωπληροφορική
Μορφή: Thesis Βιβλίο
Γλώσσα:Greek
Δημοσίευση: 2013.
Θέματα:
Διαθέσιμο Online:http://hdl.handle.net/11610/11227
Ετικέτες: Προσθήκη ετικέτας
Δεν υπάρχουν, Καταχωρήστε ετικέτα πρώτοι!

MARC

LEADER 00000cam a2200000 i 4500
001 1/55177
008 140908s2013 gr | ||| |||| ||gre||
035 |l 10118963 
040 |a GR-MyUa  |b gre  |e AACR2 
041 0 |a gre 
082 7 |a 006   |2 (22) 
100 1 |a Θηβαίος, Γεώργιος. 
245 1 0 |a Σχεδιασμός και ανάπτυξη υποδομής χωρικών δεδομένων για περιπατητικές διαδρομές :   |b μεταπτυχιακή διατριβή /   |c του Θηβαίου Γεωργίου ; [επιβλέπων: Βαϊτης Μιχάλης]. 
260 |c 2013. 
300 |a 62 σ. ;   |c 30 εκ. 
502 |a Διατριβή (μεταπτυχιακή) – Πανεπιστήμιο Αιγαίου, Λέσβος, 2013. 
504 |a Βιβλιογραφία: σ. 43-45, παράρτημα. 
650 0 |a Database design  |x Case studies. 
650 0 |a Ecotourism  |x Case studies. 
650 0 |a Nature trails  |z Greece. 
650 0 |a Dissertations, Academic  |z Greece. 
700 1 |a Βαΐτης, Μιχάλης,  |e dgs 
710 2 |a Πανεπιστήμιο Αιγαίου  |b Σχολή Κοινωνικών Επιστημών  |b Τμήμα Γεωγραφίας  |b Μεταπτυχιακό Πρόγραμμα Σπουδών Γεωγραφία και Εφαρμοσμένη Γεωπληροφορική. 
852 |a INST  |b LESVOS  |c DIATR  |e 20140908  |h 239  |p 005100055572  |q 005100055572  |t MTXE  |y 23 
852 |a INST  |b LESVOS  |c DIATR  |e 20140908  |h 240  |p 005100055573  |q 005100055573  |t MTXE  |y 23 
856 |u http://hdl.handle.net/11610/11227 
901 |a BIBL1-2014-3 
924 |a Θηβαίος  |b Γεώργιος  |y Λέσβος  |z 2012-05 
970 |a ΤΖΑΦΕΡΗ  |b ΕΥΑΓΓΕΛΙΑ  |z 2014/09/08